| 000 | 00609nam a2200205Ia 4500 | ||
|---|---|---|---|
| 001 | 10702 | ||
| 003 | GE_BSU | ||
| 008 | 181216s||||||||xx |||||||||||||| ||und|| | ||
| 040 | _cGE_BSU | ||
| 080 | _a821.353.1-32 | ||
| 100 | _aფხაკაძე,სერგო | ||
| 245 | _aმოთხრობები. | ||
| 245 | _cრედ.ნ.აგიაშვილი;მხატვ.ი.უთურაშვილი. | ||
| 260 | _aთბილისი. | ||
| 260 | _bმერანი. | ||
| 260 | _c1968. | ||
| 300 | _a166გვ;19სმ. | ||
| 653 | _aმოთხრობები. | ||
| 942 | _cBK | ||
| 999 |
_c43953 _d43953 |
||